| 000 | 00948cam a2200241 i 4500 | ||
|---|---|---|---|
| 005 | 20251217102658.0 | ||
| 008 | 250721s9999 ua gr 000 0 ara d | ||
| 082 | 1 | 4 |
_a216.923 _bع و ض |
| 100 | 1 |
_aعوض، السيد حنفي _eمؤلف. |
|
| 245 | 1 | 2 |
_aالعمل وقضايا الصناعة في الإسلام / _cدكتور السيد حنفى عوض. |
| 250 | _aطبعة مزيدة ومنقحة. | ||
| 264 | 3 | 1 |
_aالإسكندرية : _bالمكتب العلمي للكمبيوتر، _c1996. |
| 300 | _a157 صفحة. | ||
| 490 | 0 |
_aسلسلة علم الإجتماع العمل الصناعي ؛ _vرقم 1. |
|
| 650 | 1 | 7 | _aالعمل والعمال. |
| 650 | 1 | 7 | _aالصناعة. |
| 650 | 1 | 7 | _aدستور العمل. |
| 650 | 1 | 7 | _aإقتصاد العمل. |
| 650 | 1 | 7 | _aالإسلام. |
| 830 | 0 | _aسلسلة علم الإجتماع العمل الصناعي. | |
| 942 |
_2ddc _cBK |
||
| 999 |
_c81037 _d81037 |
||